000 00389nam a22001337a 4500
005 20260313121606.0
008 260313b |||||||| |||| 00| 0 eng d
040 _cFLL
041 _2eng
_aeng
100 _aAhuja, Parthvi
_9849407
245 _aAnalytical Study of the Mediation Act, 2023 on the Touchstone of Ground Realities
260 _aDU
_bFaculty of Law
_c2024
942 _2CC
_cDIS
999 _c1715307
_d1715307